| 000 | 00532nam a22001457a 4500 | ||
|---|---|---|---|
| 003 | OSt | ||
| 008 | 181024b ||||| |||| 00| 0 eng d | ||
| 100 |
_aShaheemath Suhara, K. K _93779 |
||
| 245 | _aSoil erosion risk assessment in Kunthipuzha sub-watershed using remote sensing and GIS | ||
| 260 |
_aTAVANUR _bDepartment of Soil and Water Conservation Engineering _c2018 |
||
| 300 |
_a181 _eCD |
||
| 700 |
_aAbdul Hakkim, V.M.(Guide) _93780 |
||
| 856 | _uhttps://drive.google.com/open?id=1XvzQilty0F5fqkN_zgCDixHyyUKc01bH | ||
| 942 | _cTH | ||
| 999 |
_c15535 _d15535 |
||